Information technology and poverty reduction in South Asia / (Record no. 125636)

MARC details
000 -LEADER
fixed length control field 00889nam a22002657a 4500
003 - CONTROL NUMBER IDENTIFIER
control field dpl
005 - DATE AND TIME OF LATEST TRANSACTION
control field 20180530173832.0
008 - FIXED-LENGTH DATA ELEMENTS--GENERAL INFORMATION
fixed length control field 180530b xxu||||| |||| 00| 0 eng d
010 ## - LIBRARY OF CONGRESS CONTROL NUMBER
LC control number B-120789
020 ## - INTERNATIONAL STANDARD BOOK NUMBER
Terms of availability 00.00
International Standard Book Number 817273137
020 ## - INTERNATIONAL STANDARD BOOK NUMBER
Terms of availability 00.00
International Standard Book Number 9788172731373
035 ## - SYSTEM CONTROL NUMBER
System control number B-120789, B-120793
037 ## - SOURCE OF ACQUISITION
Source of stock number/acquisition Cen Lib/Ret
040 ## - CATALOGING SOURCE
Original cataloging agency DPL
Language of cataloging EN
Transcribing agency 0
082 ## - DEWEY DECIMAL CLASSIFICATION NUMBER
Classification number 362.5
Item number MIS
100 ## - MAIN ENTRY--PERSONAL NAME
Personal name Mishra, R C
9 (RLIN) 1167
245 ## - TITLE STATEMENT
Title Information technology and poverty reduction in South Asia /
Statement of responsibility, etc by R C Mishra
260 ## - PUBLICATION, DISTRIBUTION, ETC. (IMPRINT)
Place of publication, distribution, etc Delhi
Name of publisher, distributor, etc Authors Press
Date of publication, distribution, etc 2003
270 ## - ADDRESS
City Delhi
Address E-35/103, Jawahar Park, Laxmi nagar
Postal code 110092
300 ## - PHYSICAL DESCRIPTION
Extent vi,286p. :
Dimensions 22cm(pbk)
500 ## - GENERAL NOTE
General note Includes bibliographical references and index
650 ## - SUBJECT ADDED ENTRY--TOPICAL TERM
Topical term or geographic name as entry element Information technology -- Economic aspects -- South Asia.
9 (RLIN) 15010
650 ## - SUBJECT ADDED ENTRY--TOPICAL TERM
Topical term or geographic name as entry element Poverty -- South Asia.
9 (RLIN) 15011
942 ## - ADDED ENTRY ELEMENTS (KOHA)
Source of classification or shelving scheme Dewey Decimal Classification
Koha item type English Books
Classification part 362.5
Call number suffix MIS
Holdings
Withdrawn status Lost status Damaged status Not for loan Home library Current library Date acquired Source of acquisition Cost, normal purchase price Total Checkouts Full call number Barcode Date last seen Copy number Cost, replacement price Price effective from Koha item type Public note Source of classification or shelving scheme Collection code
Written off       Central Library Central Library 22/06/2015 Cen Lib/Ret 0.00   362.5 MIS B-120789 22/06/2015 1 0.00 22/06/2015 English Books Written off on approval by DLB (By Circulation); dtd 15-06-2023    
        Shahdara Branch Shahdara Branch 30/05/2018 BPPD/PUB 0.00   362.5 MIS B-120793 30/05/2018   0.00 30/05/2018 English Books   Dewey Decimal Classification Non-fiction

© Delhi Public Library
Hit Counter
free hit counter